|
|
|
|
| LEADER |
00000nam0a2200000 4500 |
| 001 |
104272 |
| 005 |
20231031113916.0 |
| 010 |
|
|
|a 5953316291
|
| 035 |
|
|
|a (RuTPU)RU\TPU\book\112390
|
| 090 |
|
|
|a 104272
|
| 100 |
|
|
|a 20061030d2006 m y0rusy50 ca
|
| 101 |
0 |
|
|a rus
|
| 102 |
|
|
|a RU
|
| 105 |
|
|
|a y z 000ay
|
| 200 |
1 |
|
|a Железный волк
|e роман
|f С. А. Булыга
|
| 210 |
|
|
|a Москва
|c Вече
|d 2006
|
| 215 |
|
|
|a 480 с.
|
| 225 |
1 |
|
|a Исторические приключения
|
| 330 |
|
|
|a Железный волк, волк-оборотень — так часто называли полоцкого князя Всеслава Брячиславича (1030 — 1101). Никто не мог поверить, что можно быть таким удачливым без помощи нечистой силы. Правда, эта удачливость помогла Всеславу не столько добиваться громких побед, сколько спасаться от неминуемой смерти. Невероятная и загадочная судьба последнего князя свободолюбивых и непокорных славян-полтов в новом историко-приключенческом романе известного белорусского писателя Сергея Булыги.
|
| 610 |
1 |
|
|a русская литература
|
| 610 |
1 |
|
|a романы
|
| 610 |
1 |
|
|a приключения
|
| 610 |
1 |
|
|a половцы
|
| 610 |
1 |
|
|a князья русские
|
| 675 |
|
|
|a Р2
|v 3
|
| 700 |
|
1 |
|a Булыга
|b С. А.
|g Сергей Алексеевич
|
| 801 |
|
1 |
|a RU
|b 63413507
|c 20061030
|g PSBO
|
| 801 |
|
2 |
|a RU
|b 63413507
|c 20061101
|g PSBO
|
| 942 |
|
|
|c BK
|